| 000 | 02610cam a22006014i 4500 | ||
|---|---|---|---|
| 003 | PE-LiUPU | ||
| 005 | 20250731170446.0 | ||
| 008 | 150706s2003 sp r 000 0 spa d | ||
| 020 | _a8431320931 | ||
| 020 | _a9788431320935 | ||
| 035 | _a(Sirsi) i9788431320935 | ||
| 040 |
_aPE-LiUPU _bspa _cPE-LiUPU _dPE-LiUPU _erda |
||
| 049 | _aPRUA | ||
| 082 | 0 | 4 |
_a172 _bCh18 _221 |
| 100 | 1 |
_aChalmeta, Gabriel, _eautor. |
|
| 245 | 1 | 0 |
_aÉtica Social : _bfamilia, profesión y ciudadanía / _cGabriel Chalmeta. |
| 250 | _a3a. edición. | ||
| 264 | 1 |
_aEspaña : _bEUNSA, _c2003. |
|
| 300 |
_a222 páginas ; _c24 centímetros |
||
| 336 |
_atext _2rdacontent |
||
| 337 |
_aunmediated _2rdamedia |
||
| 338 |
_avolume _2rdacarrier |
||
| 505 | 0 | _aEl contenido del orden ideal de la vida buena: primeras determinaciones -- Las orientaciones esenciales de la vida Buena:"YO", Dios y las demás personas -- Ética relacional (I): La orientación del hombre hacia Dios y sus consecuencias sociales -- Ética relacional (I): La comunión del hombre con el prójimo: Realizar el bien común de las diversas sociedades -- Las sociedades humanas fundamentales -- Las comunidades de amistad en el crecimiento de la persona -- Amor conyugal, matrimonio y familia -- Las relaciones profesionales -- La sociedad política (El estado) -- Cuestiones preliminares: Naturaleza y evolución de la sociedad política (Y del Estado) -- Examen compartido de las principales teorías de la justicia política -- La realización del bien común político. | |
| 526 | _aSEG68 | ||
| 526 | _aSEG70 | ||
| 526 | _aSEG69 | ||
| 526 | _aSEG67 | ||
| 526 | _aSEG43 | ||
| 526 | _aP144 | ||
| 526 | _aP143 | ||
| 526 | _aP131 | ||
| 526 | _aP122 | ||
| 526 | _aP120 | ||
| 526 | _aP117 | ||
| 526 | _aP112 | ||
| 526 | _aP110 | ||
| 526 | _aP106 | ||
| 526 | _aP101 | ||
| 526 | _aP80 | ||
| 526 | _aP59 | ||
| 526 | _aP54 | ||
| 526 | _aP35 | ||
| 526 | _aP33 | ||
| 526 | _aP30 | ||
| 541 | _g045-0002132; | ||
| 650 | 0 | 4 | _aEtica social. |
| 910 | _agl20090807 | ||
| 942 |
_2ddc _cBOOK |
||
| 949 |
_a172 CH18 _wDEWEY _c1 _i59895 _d2016-6-12 _e2016-6-12 _lCCODEBUL1 _mBUL _n1 _p29.00 _r0 _sY _tBOOK _u2015-7-6 _xFCE _zAGB _0COMPRA _o.STAFF. Colección Ciencias Empresariales |
||
| 994 |
_aC0 _bPEPRU |
||
| 596 | _a1 | ||
| 999 |
_a172 CH18 _wDEWEY _c49452 _i59895 _d49452 _e2016-6-12 _f2021-11-4 _g6 _lCCODEBUL1 _mBUL _n1 _p29.00 _r0 _sY _tBOOK _u2015-7-6 _xBIBLIOTECA _zAGB _0COMPRA _o.STAFF. Colección Ciencias Empresariales |
||
| 980 |
_81 _gALBERTO SANCHEZ Responsable de Automatización |
||